Kansas Players in NBA (2019-2020) - Statistics

General Stats
  • This quiz has been taken 224 times
  • The average score is 5 of 11
Answer Stats
Team Player PPG % Correct
Philadelphia 76ers Joel Embiid 27.5
98%
Minnesota Timberwolves Andrew Wiggins 18.1
85%
Charlotte Hornets Devonte' Graham 4.7
55%
Detroit Pistons Markieff Morris 9.4
46%
Phoenix Suns Kelly Oubre Jr. 15.2
45%
New York Knicks Marcus Morris 13.9
45%
Memphis Grizzlies Josh Jackson 11.5
42%
Milwaukee Bucks Frank Mason III 5.1
41%
Detroit Pistons Sviatoslav Mykhailiuk 3.2
30%
Houston Rockets Ben McLemore 3.9
26%
Phoenix Suns Cheick Diallo 6.0
13%
No matching quizzes found
Score Distribution
Percent of People with Each Score
Percentile by Number Answered
Your Score History
You have not taken this quiz